|
|
|
|
| LEADER |
00000ngm a2200000 a 4500 |
| 001 |
vtls008186812 |
| 003 |
SK-MaSNL |
| 005 |
20260302074051.0 |
| 007 |
vf cbahos |
| 008 |
050728s2005 xo 104 d vlcze |
| 028 |
4 |
2 |
|a 8019
|b Intersonic
|
| 040 |
|
|
|a SNK
|b slo
|c SNK
|e AACR2
|
| 041 |
1 |
|
|a cze
|h eng
|
| 044 |
|
|
|a xo
|c SK
|
| 072 |
|
7 |
|a 791
|x Film. Cirkus. Ľudová zábava
|2 konspekt
|
| 080 |
|
|
|a 791.221.5
|2 2001
|
| 080 |
|
|
|a (086.86)
|2 2001
|
| 130 |
0 |
|
|a The deal
|l Česky
|9 739235
|
| 245 |
0 |
0 |
|a Dohoda
|h videozáznam
|c [réžia] Harvey Kahn
|
| 260 |
|
|
|a Bratislava
|b Intersonic
|c 2005
|
| 300 |
|
|
|a 1 videokazeta (104 min.)
|b fareb., stereo, VHS systém PAL
|c 10 x 19 cm
|
| 650 |
0 |
7 |
|a hrané filmy
|2 SNKPH
|9 68885
|
| 650 |
0 |
7 |
|a filmové drámy
|2 SNKPH
|9 320128
|
| 655 |
|
7 |
|a videokazety
|2 SNKPH
|9 70726
|
| 700 |
1 |
|
|a Kahn, Harvey
|4 drt
|9 739236
|
| 999 |
|
|
|c 1163542
|d 1165472
|
| 952 |
|
|
|a SNK
|b SNK
|y PREZ
|7 0
|p 17A0479706
|o snkSVC 1614
|i snk2005/13233
|8 0
|0 0
|1 0
|4 0
|d 2005-07-28
|l 0
|r 2026-02-24 20:40:39
|w 2026-02-24
|